00716nam a2200217 i 4500001000400000245005600004260004500060300002800105490003200133504002900165505002000194650003800214650002000252700002400272830003200296020001500328040000800343041000800351008004100359856009800400bgj00aThe Portable Beat Reader /cedited by Ann Charters. aNew York [etc.] :bPenguin Books,c1992. aXXXVI, 645 pp ;c20 cm.1 aThe Viking Portable Library aBibliography p. 623-631. aIncludes index. 9aAmerican literaturey20th century 9aBeat generation1 aCHARTERS, Ann.eed. aThe Viking Portable Library a0140151028 cBPK0 aeng s uk f |000 0 eng  uhttp://koha.tu.koszalin.pl/cgi-bin/koha/opac-detail.pl?biblionumber=47975yKatalog online BPK